| 000 | 00470nam a2200169Ia 4500 | ||
|---|---|---|---|
| 008 | 230917s9999||||xx |||||||||||||| ||und|| | ||
| 020 | _cRS715 | ||
| 040 |
_e237997 _aMAIN |
||
| 041 | _aEnglish | ||
| 082 | _a005.133 J477V | ||
| 100 | _aJerke, Noel | ||
| 245 | 0 | _aVisual basic 6: The complete refrence | |
| 260 |
_aNew Delhi _bMcGraw Hill Education (India) _c2010 |
||
| 300 | _axxvi, 788 p. | ||
| 500 | _a2609 13/02/2017 KB17/389 22/02/2017 Main Budget | ||
| 942 | _cBK | ||
| 999 |
_c21418 _d21418 |
||